[Event "Amplico ch-EUR Rapid"]
[Site "Warsaw POL"]
[Date "2012.12.15"]
[Round "7.48"]
[White "Berzinsh, Roland"]
[Black "Ulanowski, Karol"]
[Result "1-0"]
[WhiteTitle "IM"]
[WhiteElo "2411"]
[BlackElo "2084"]
[WhiteFideId "11600357"]
[BlackFideId "1108964"]
[EventDate "2012.12.15"]

1. e4 e5 2. Bc4 Nc6 3. Nf3 Bc5 4. c3 Nf6 5. d3 d6 6. Bb3 a6 7. Nbd2 O-O 8. h3
Ba7 9. Nf1 h6 10. g4 d5 11. Qe2 Qd6 12. g5 hxg5 13. Bxg5 dxe4 14. dxe4 Be6 15.
Bxf6 Bxb3 16. Bxg7 Kxg7 17. axb3 f5 18. Rg1+ Kf6 19. Ng3 f4 20. Nf5 Qc5 21. Ng5
Rg8 22. Nh7+ Ke6 23. Ng7+ Ke7 24. O-O-O Rad8 25. Qg4 Nd4 1-0

[Event "Amplico ch-EUR Rapid"]
[Site "Warsaw POL"]
[Date "2012.12.15"]
[Round "7.49"]
[White "Wiley, Tom E"]
[Black "Laurusas, Tomas"]
[Result "0-1"]
[WhiteTitle "FM"]
[WhiteElo "2241"]
[BlackElo "2413"]
[WhiteFideId "401765"]
[BlackFideId "12803731"]
[EventDate "2012.12.15"]

1. Nf3 Nf6 2. c4 c6 3. d4 d5 4. e3 Bf5 5. cxd5 Qxd5 6. Nc3 Qd8 7. Bd3 Bxd3 8.
Qxd3 Nbd7 9. O-O e6 10. e4 Be7 11. Bg5 h6 12. Bh4 O-O 13. e5 Nd5 14. Bxe7 Nxe7
15. Rad1 Qb6 16. Rd2 Rad8 17. Qe4 Qa5 18. Rfd1 Nb6 19. Qe2 Nbd5 20. Nxd5 Rxd5
21. a3 Rfd8 22. Rd3 Nf5 23. g4 Ne7 24. Qe3 Qb5 25. Rb3 Qa6 26. Rc1 c5 27. Rxc5
Rxc5 28. dxc5 Rd1+ 29. Kg2 Nd5 30. Qe4 g5 31. Ne1 Nf4+ 32. Kg1 Ne2+ 33. Kg2 Rxe1 0-1

[Event "Amplico ch-EUR Rapid"]
[Site "Warsaw POL"]
[Date "2012.12.16"]
[Round "8.4"]
[White "Dziuba, Marcin"]
[Black "Rublevsky, Sergei"]
[Result "0-1"]
[WhiteTitle "GM"]
[BlackTitle "GM"]
[WhiteElo "2602"]
[BlackElo "2688"]
[WhiteFideId "1112953"]
[BlackFideId "4115309"]
[EventDate "2012.12.15"]

1. c4 Nf6 2. g3 c6 3. Bg2 d5 4. Nf3 dxc4 5. a4 Nbd7 6. Na3 e5 7. Nxc4 e4 8. Ng5
Nc5 9. O-O h6 10. b4 hxg5 11. bxc5 Bh3 12. Bxh3 Rxh3 13. Qb3 Qd7 14. Rb1 Bxc5
15. Ne5 Qc7 16. Qxb7 Qxb7 17. Rxb7 O-O-O 18. Nxf7 Rd5 19. Rb3 g4 20. d4 exd3 21.
Rxd3 Rdh5 22. Bg5 Ne4 23. Rd8+ Kb7 24. Rd7+ Ka6 25. Bh4 g5 26. Nxg5 Nxg5 27. Rg7
Ne4 28. Rxg4 Nxf2 29. Rxf2 Bxf2+ 30. Kxf2 Rxh2+ 31. Kf3 Rf5+ 32. Ke4 Ra5 33. Kf3
Rf5+ 34. Ke4 Rf8 35. Rg6 Rxe2+ 36. Kd3 Ra2 37. Rxc6+ Ka5 38. Bf6 Rxa4 39. Ke3
Kb5 40. Re6 Rc4 41. Kf3 Rc6 0-1

[Event "Amplico ch-EUR Rapid"]
[Site "Warsaw POL"]
[Date "2012.12.16"]
[Round "8.7"]
[White "Istratescu, Andrei"]
[Black "Tomczak, Jacek"]
[Result "1/2-1/2"]
[WhiteTitle "GM"]
[BlackTitle "GM"]
[WhiteElo "2654"]
[BlackElo "2558"]
[WhiteFideId "1200372"]
[BlackFideId "1124668"]
[EventDate "2012.12.15"]

1. d4 Nf6 2. c4 g6 3. Nc3 d5 4. Bf4 Bg7 5. e3 O-O 6. Rc1 c5 7. dxc5 Be6 8. Nf3
Nc6 9. Be2 Ne4 10. cxd5 Nxc3 11. bxc3 Qxd5 12. Qxd5 Bxd5 13. c4 Be4 14. O-O Rfd8
15. Rfd1 Bb2 16. Rxd8+ Rxd8 17. Rd1 Rxd1+ 18. Bxd1 Ba3 19. Nd4 e5 20. Nxc6 exf4
21. Nxa7 fxe3 22. fxe3 Bxc5 23. Nb5 Bd3 24. Kf2 Bxc4 25. a4 f5 26. Nd4 f4 27.
Bb3 Bxb3 28. Nxb3 Bxe3+ 29. Kf3 b6 30. g3 fxg3 31. hxg3 Bg5 32. a5 bxa5 1/2-1/2

[Event "Amplico ch-EUR Rapid"]
[Site "Warsaw POL"]
[Date "2012.12.16"]
[Round "8.8"]
[White "Krasenkow, Michal"]
[Black "Yakovich, Yuri"]
[Result "1/2-1/2"]
[WhiteTitle "GM"]
[BlackTitle "GM"]
[WhiteElo "2628"]
[BlackElo "2517"]
[WhiteFideId "1113100"]
[BlackFideId "4100654"]
[EventDate "2012.12.15"]

1. d4 d5 2. c4 dxc4 3. e3 e6 4. Bxc4 c5 5. d5 exd5 6. Bxd5 Bd6 7. e4 Ne7 8. Bc4
O-O 9. Nc3 Nbc6 10. Be3 a6 11. a4 Ne5 12. Be2 Be6 13. f4 Nc4 14. Bxc4 Bxc4 15.
b3 Be6 16. f5 Be5 17. Nge2 Qxd1+ 18. Rxd1 Bxb3 19. Rd7 Nc6 20. Bxc5 Rfd8 21.
Rxb7 Na5 22. Rb6 Rdc8 23. Bb4 Nc4 24. Rb7 Rab8 25. Rxb8 Rxb8 26. Bc5 Bxa4 27.
O-O Bc6 28. Bd4 a5 1/2-1/2

[Event "Amplico ch-EUR Rapid"]
[Site "Warsaw POL"]
[Date "2012.12.16"]
[Round "8.9"]
[White "Papin, Vasily"]
[Black "Tkachiev, Vladislav"]
[Result "0-1"]
[WhiteTitle "GM"]
[BlackTitle "GM"]
[WhiteElo "2561"]
[BlackElo "2650"]
[WhiteFideId "4143183"]
[BlackFideId "618438"]
[EventDate "2012.12.15"]

1. c4 g6 2. g3 Bg7 3. Bg2 d6 4. Nc3 Nf6 5. e4 c5 6. Nge2 Nc6 7. d3 Bg4 8. h3
Bxe2 9. Nxe2 Nd7 10. O-O O-O 11. Rb1 Rb8 12. Be3 Qa5 13. a3 b5 14. e5 Ncxe5 15.
f4 bxc4 16. fxe5 Nxe5 17. d4 cxd4 18. Nxd4 e6 19. Kh2 d5 20. Qe2 Rbc8 21. Bd2
Qb6 22. Be3 Qa6 23. Bg5 Nd3 24. Bf6 Qb6 25. Bxg7 Kxg7 26. Nf3 Qd6 27. Qe3 a5 28.
Qd2 a4 29. Qc2 Rb8 30. Qxa4 Rb3 31. Rfd1 Rfb8 32. Qa7 Qc5 33. Qd7 R8b7 34. Qd8
Rxb2 35. Rxb2 Rxb2 36. Rf1 Qb6 37. Qh4 Rf2 38. Ng5 h6 39. Nxe6+ Qxe6 40. Rxf2
Nxf2 41. Qd4+ Qf6 42. Qxd5 c3 43. Qc5 Nd3 44. Qc4 Ne1 45. a4 c2 46. Kg1 Qb2 0-1

[Event "Amplico ch-EUR Rapid"]
[Site "Warsaw POL"]
[Date "2012.12.16"]
[Round "8.11"]
[White "Zawadzki, Stanislaw"]
[Black "Miton, Kamil"]
[Result "0-1"]
[WhiteTitle "IM"]
[BlackTitle "GM"]
[WhiteElo "2432"]
[BlackElo "2626"]
[WhiteFideId "1113500"]
[BlackFideId "1111914"]
[EventDate "2012.12.15"]

1. Nf3 Nf6 2. g3 g6 3. Bg2 Bg7 4. c4 O-O 5. O-O d6 6. Nc3 Nc6 7. Rb1 a5 8. a3 e5
9. d3 Re8 10. Bg5 h6 11. Bxf6 Bxf6 12. b4 axb4 13. axb4 Bg7 14. e3 Ne7 15. d4 f5
16. dxe5 dxe5 17. Qc2 Be6 18. Rfd1 Qc8 19. Nd5 e4 20. Nxe7+ Rxe7 21. Nd4 Bf7 22.
c5 Kh7 23. Bf1 Ra2 24. Qc1 Qg8 25. Ra1 Rxa1 26. Qxa1 Rd7 27. Qa7 Qc8 28. Bb5 c6
29. Be2 Qd8 30. b5 Bd5 31. Qa4 Qc7 32. Rb1 Bxd4 33. exd4 f4 34. bxc6 bxc6 35.
Qa8 Qa7 36. Qxa7 Rxa7 37. gxf4 Kg7 38. Rb2 Ra4 39. Rd2 Kf6 40. Bg4 h5 41. Bh3
Ra1+ 0-1

[Event "Amplico ch-EUR Rapid"]
[Site "Warsaw POL"]
[Date "2012.12.16"]
[Round "8.12"]
[White "Rapport, Richard"]
[Black "Dragun, Kamil"]
[Result "1-0"]
[WhiteTitle "GM"]
[BlackTitle "IM"]
[WhiteElo "2621"]
[BlackElo "2461"]
[WhiteFideId "738590"]
[BlackFideId "1134167"]
[EventDate "2012.12.15"]

1. Nf3 Nf6 2. c4 g6 3. Nc3 d5 4. cxd5 Nxd5 5. d3 Bg7 6. Bd2 O-O 7. g3 e5 8. Bg2
Ne7 9. Qc1 Re8 10. Bh6 Bh8 11. h4 Nf5 12. h5 Nxh6 13. hxg6 Bg7 14. Rxh6 hxg6 15.
Rh4 Nc6 16. Qd2 Be6 17. O-O-O b5 18. Rdh1 Nd4 19. Rh7 Bf5 20. g4 e4 21. dxe4
Nxf3 22. Rxg7+ Kxg7 23. Qh6+ Kf6 24. Nd5+ Ke6 25. gxf5+ Kd6 26. Bxf3 c6 27. Rd1
Qa5 28. Qf4+ 1-0

[Event "Amplico ch-EUR Rapid"]
[Site "Warsaw POL"]
[Date "2012.12.16"]
[Round "8.13"]
[White "Meskovs, Nikita"]
[Black "Bartel, Mateusz"]
[Result "0-1"]
[WhiteTitle "FM"]
[BlackTitle "GM"]
[WhiteElo "2314"]
[BlackElo "2629"]
[WhiteFideId "11602740"]
[BlackFideId "1112635"]
[EventDate "2012.12.15"]

1. d4 f5 2. g3 Nf6 3. Bg2 g6 4. c3 Bg7 5. Nh3 Nc6 6. Nd2 d5 7. Nf3 Ne4 8. Nf4
O-O 9. h4 e6 10. Nd3 a5 11. Bf4 b6 12. Nde5 Nxe5 13. Bxe5 c5 14. Bxg7 Kxg7 15.
Ne5 Ba6 16. Bxe4 dxe4 17. e3 Qc7 18. Qb3 Rfe8 19. h5 Rad8 20. O-O-O Be2 21. hxg6
hxg6 22. Rde1 Bd3 23. f4 cxd4 24. exd4 Rxd4 25. Rh4 Rd5 26. Reh1 Kf6 27. g4 Qc5
28. g5+ Ke7 29. Qa3 Qxa3 30. Rh7+ Kd6 31. Rd7+ Kc5 32. Rc7+ Kb5 33. bxa3 Ka4 34.
c4 Rc5 35. Rd7 Kxa3 36. Kd2 Bxc4 37. Nxg6 Rd5+ 38. Rxd5 Bxd5 39. Ke3 Kxa2 40.
Ne5 b5 41. Nd7 b4 42. Nf6 Rc8 43. Rh7 b3 44. Ra7 b2 45. Rxa5+ Kb3 46. Rb5+ Kc2
47. g6 Bb3 0-1

[Event "Amplico ch-EUR Rapid"]
[Site "Warsaw POL"]
[Date "2012.12.16"]
[Round "8.14"]
[White "Rozentalis, Eduardas"]
[Black "Gorovets, Andrey"]
[Result "1-0"]
[WhiteTitle "GM"]
[BlackTitle "IM"]
[WhiteElo "2602"]
[BlackElo "2474"]
[WhiteFideId "12800023"]
[BlackFideId "13504037"]
[EventDate "2012.12.15"]

1. e4 g6 2. d4 Bg7 3. Nf3 c6 4. Nc3 d5 5. h3 Nh6 6. Bd3 f6 7. O-O Nf7 8. Re1 O-O
9. Bf1 Re8 10. a4 a5 11. b3 Na6 12. exd5 cxd5 13. Bb5 Bd7 14. Nxd5 Bxb5 15. axb5
Qxd5 16. bxa6 Rxa6 17. Qd3 e6 18. Bd2 Rea8 19. c4 Qd7 20. Qe2 Nd8 21. Ra4 b6 22.
Bc3 R6a7 23. h4 Qf7 24. Qe3 Rc8 25. d5 exd5 26. cxd5 Rd7 27. Rc4 Rb8 28. Rf4
Rxd5 29. Ng5 Qf8 30. Qe8 Rf5 31. Rxf5 gxf5 32. Qd7 Nf7 33. Nxf7 Qxf7 34. Re7 Qf8
35. h5 h6 36. Bd2 Kh8 37. Qe6 Qc8 38. Qf7 Qf8 39. Qe6 Qc8 40. Qe2 Qd8 41. Bf4
Rc8 42. Kh2 b5 43. Rb7 a4 44. Qxb5 a3 45. Qxf5 Qe8 46. Bxh6 Bxh6 47. Qh7# 1-0

[Event "Amplico ch-EUR Rapid"]
[Site "Warsaw POL"]
[Date "2012.12.16"]
[Round "8.15"]
[White "Shirov, Alexei"]
[Black "Czerwonski, Aleksander"]
[Result "1-0"]
[WhiteTitle "GM"]
[BlackTitle "IM"]
[WhiteElo "2708"]
[BlackElo "2377"]
[WhiteFideId "2209390"]
[BlackFideId "1100459"]
[EventDate "2012.12.15"]

1. e4 e5 2. Nf3 Nc6 3. Bb5 a6 4. Ba4 Nf6 5. O-O Be7 6. Re1 b5 7. Bb3 d6 8. c3
O-O 9. h3 Na5 10. Bc2 c5 11. d4 Qc7 12. Nbd2 cxd4 13. cxd4 Nc6 14. Nb3 a5 15.
Be3 a4 16. Nbd2 Be6 17. a3 Na5 18. Rc1 Qb8 19. Bd3 Nb3 20. Rc2 Nxd2 21. Qxd2 Bb3
22. Rc6 d5 23. Nxe5 dxe4 24. Rxf6 exd3 25. Nc6 Qb7 26. Nxe7+ Qxe7 27. Rf3 Bc4
28. Bh6 Qd6 29. Rg3 g6 30. Bxf8 Rxf8 31. Qc3 Rd8 32. Rge3 Kf8 33. d5 1-0

[Event "Amplico ch-EUR Rapid"]
[Site "Warsaw POL"]
[Date "2012.12.16"]
[Round "8.18"]
[White "Fridman, Daniel"]
[Black "Bukavshin, Ivan"]
[Result "1/2-1/2"]
[WhiteTitle "GM"]
[BlackTitle "GM"]
[WhiteElo "2667"]
[BlackElo "2510"]
[WhiteFideId "11600454"]
[BlackFideId "4199758"]
[EventDate "2012.12.15"]

1. c4 Nf6 2. Nc3 e5 3. g3 d5 4. cxd5 Nxd5 5. Bg2 Nb6 6. e3 Nc6 7. Nge2 Be6 8.
O-O Qd7 9. f4 f6 10. a3 Bh3 11. b4 Bxg2 12. Kxg2 O-O-O 13. Qc2 Qd3 14. Qxd3 Rxd3
15. fxe5 fxe5 16. Ne4 a5 17. b5 Nd8 18. Ng1 Rb3 19. a4 Bb4 20. Nf3 Nc4 21. Kf2
Nf7 22. Ke2 Rd8 23. Ra2 Kb8 24. Rc2 Nb6 25. Ra2 Nc4 26. Rc2 Nb6 27. d4 Nxa4 28.
dxe5 Nc3+ 29. Nxc3 Rxc3 30. Rd2 Re8 31. Rd5 Rc2+ 32. Kd3 Rc3+ 33. Ke2 Rc2+ 34.
Kd3 Rc3+ 35. Kd4 Nd8 36. Bd2 Ne6+ 37. Ke4 Nc5+ 38. Kf5 Rc4 39. Rd4 Rxd4 40. exd4
Rf8+ 41. Kg4 Nd3 42. Bxb4 axb4 43. e6 b3 44. Ne5 Nxe5+ 45. dxe5 Rxf1 46. e7 b2
47. e8=Q+ Ka7 48. b6+ cxb6 49. Qa4+ Kb8 50. Qe8+ Ka7 51. Qa4+ 1/2-1/2

[Event "Amplico ch-EUR Rapid"]
[Site "Warsaw POL"]
[Date "2012.12.16"]
[Round "8.21"]
[White "Leniart, Arkadiusz"]
[Black "Erdos, Viktor"]
[Result "1-0"]
[WhiteTitle "IM"]
[BlackTitle "GM"]
[WhiteElo "2470"]
[BlackElo "2640"]
[WhiteFideId "1124226"]
[BlackFideId "719978"]
[EventDate "2012.12.15"]

1. e4 c5 2. Nf3 e6 3. d4 cxd4 4. Nxd4 a6 5. Be2 Nf6 6. Nc3 Bb4 7. e5 Nd5 8. Bd2
Nxc3 9. bxc3 Be7 10. O-O Qc7 11. f4 b5 12. Bf3 Bb7 13. f5 g6 14. f6 Bc5 15. Kh1
Nc6 16. Bf4 Bxd4 17. cxd4 Nb4 18. Bxb7 Qxb7 19. c4 Rc8 20. a3 Nc6 21. d5 Na5 22.
Qd2 Nxc4 23. Qb4 d6 24. dxe6 fxe6 25. f7+ Qxf7 26. Bh6 Qe7 27. exd6 Qxd6 28. Qc3
Rg8 29. Rae1 Rc6 30. Qf3 Qc7 31. Re4 e5 32. Ree1 Rd6 33. a4 g5 34. Bxg5 h6 35.
Qa8+ Rd8 36. Bxd8 Qxd8 37. Qxa6 Qd5 38. Qxb5+ Qxb5 39. axb5 Ke7 40. Re4 Nd2 41.
Rxe5+ Kd6 42. Rfe1 Nc4 43. Re6+ Kc5 44. b6 Rb8 45. Rxh6 Nxb6 46. Rb1 Kd5 1-0

[Event "Amplico ch-EUR Rapid"]
[Site "Warsaw POL"]
[Date "2012.12.16"]
[Round "8.22"]
[White "Warakomski, Tomasz"]
[Black "Nyzhnyk, Illya"]
[Result "1/2-1/2"]
[WhiteTitle "IM"]
[BlackTitle "GM"]
[WhiteElo "2490"]
[BlackElo "2637"]
[WhiteFideId "1124552"]
[BlackFideId "14118084"]
[EventDate "2012.12.15"]

1. e4 c5 2. Nf3 d6 3. d4 cxd4 4. Nxd4 Nf6 5. Nc3 a6 6. f4 e5 7. Nf3 Nbd7 8. a4
Be7 9. Bd3 O-O 10. O-O Nc5 11. Kh1 exf4 12. Bxf4 Bg4 13. Qd2 Rc8 14. Be3 Nxd3
15. cxd3 d5 16. e5 Bxf3 17. Bd4 Ne4 18. dxe4 Bxe4 19. Nxe4 dxe4 20. Qe3 Qd5 21.
Rf4 Rfd8 22. Bb6 Bg5 23. Bxd8 Bxf4 24. Qxf4 Rxd8 25. Re1 Qd2 26. Qxe4 Rd4 27.
Qb1 Rg4 28. Rg1 g6 29. e6 fxe6 30. b3 h5 31. Qa1 Qd5 32. Qf6 Qf5 33. Qd8+ Qf8
34. Qb6 Qf7 35. Rc1 Rf4 36. Kg1 Qd7 37. Qc5 Rf5 38. Qe3 Rd5 39. Qe2 Rd2 40. Qf1
Kg7 41. h3 b5 42. a5 h4 43. Kh1 Qd6 44. b4 Rd4 45. Qf3 Rf4 46. Qb7+ Kh6 47. Qc8
Rxb4 48. Qh8+ Kg5 49. Re1 Rf4 50. Qc3 Rf5 51. Qe3+ Kf6 52. Qh6 Rf4 53. Qh8+ Kf5
54. Qc3 b4 55. Qe3 Kf6 56. Qe2 Rd4 57. Rf1+ Rf4 58. Re1 e5 59. Rd1 Rd4 60. Rf1+
Kg7 61. Qf3 Rf4 62. Qb7+ Kh6 63. Re1 Qd2 64. Rg1 Qd6 65. Re1 Qf6 66. Kh2 Rf1 67.
Qxb4 Rxe1 68. Qxe1 Qf4+ 69. Kh1 e4 70. Qe2 Qc1+ 71. Kh2 Qf4+ 72. Kh1 Qc1+ 73.
Kh2 Qc7+ 74. Kh1 Qxa5 75. Qxe4 Qd8 76. Qe3+ Qg5 77. Qc3 Qf4 78. Qh8+ Kg5 79.
Qd8+ Qf6 80. Qd2+ Kh5 81. Qc1 a5 82. Qd1+ Kh6 83. Qd2+ Qg5 84. Qb2 Qd5 85. Qc1+
Kh5 86. Qa1 Qc5 87. Qd1+ Kh6 88. Qa1 Kg5 89. Qd1 Kf6 90. Qd8+ Kf5 91. Qd1 g5 92.
Qd3+ Ke5 93. Qe2+ Kd6 94. Qd1+ Kc7 95. Qa1 Qd5 96. Qc1+ Kb7 97. Qa1 Kb6 98. Qb2+
Kc7 99. Qa1 Kd6 100. Qa3+ Qc5 101. Qa1 Qe5 102. Qd1+ Kc5 103. Qa4 Qe1+ 104. Kh2
Qg3+ 105. Kh1 Qc3 106. Qd1 Qd4 107. Qc1+ Kb4 108. Qe1+ Kb3 109. Qxa5 Qd1+ 110.
Kh2 Qd6+ 111. Kh1 Qf4 112. Qe1 Kc2 113. Qe2+ Kc3 114. Qe1+ Kd3 115. Qd1+ Ke3
116. Qe1+ Kd4 117. Qd1+ Ke4 118. Qe2+ Qe3 119. Qc4+ Kf5 120. Qd5+ Kf4 121. Qc4+
Kg3 122. Qg4+ Kf2 123. Qf5+ Ke2 124. Qc2+ Kf1 125. Qf5+ Ke1 126. Qb1+ Kf2 127.
Qf5+ Ke2 128. Qc2+ Kf1 129. Qf5+ Ke1 130. Qb1+ Ke2 131. Qc2+ Qd2 132. Qxd2+ Kxd2
133. g3 Ke2 1/2-1/2

[Event "Amplico ch-EUR Rapid"]
[Site "Warsaw POL"]
[Date "2012.12.16"]
[Round "8.23"]
[White "Simonian, Hrair"]
[Black "Neiksans, Arturs"]
[Result "1/2-1/2"]
[WhiteTitle "GM"]
[BlackTitle "GM"]
[WhiteElo "2459"]
[BlackElo "2534"]
[WhiteFideId "13302337"]
[BlackFideId "11601388"]
[EventDate "2012.12.15"]

1. e4 c5 2. Nc3 e6 3. Nf3 a6 4. g3 b5 5. d4 cxd4 6. Nxd4 Bb7 7. Bg2 Nf6 8. a3 d6
9. O-O Nbd7 10. Re1 e5 11. Nf5 Nb6 12. a4 Nxa4 13. Nxa4 bxa4 14. Rxa4 g6 15. Ne3
Bc6 16. Rc4 Bb5 17. Rc3 Be7 18. Nd5 Nxd5 19. Qxd5 Rc8 20. Bh6 Rxc3 21. bxc3 Qc8
22. Bf1 Bc6 23. Qa2 Bf8 24. Bxa6 Qa8 25. Bg5 Be7 26. Bh6 Bf8 27. Bd2 Be7 28. Bc4
Qxa2 29. Bxa2 O-O 30. f3 Ra8 31. Bb3 Kg7 32. Kf2 f5 33. Ke3 Bd8 34. Kd3 Bb6 35.
Bd5 Bxd5 36. exd5 Re8 37. Rb1 Bc5 38. Rb7+ Kf6 39. Bh6 g5 40. h4 gxh4 41. gxh4
Kg6 42. Be3 e4+ 43. fxe4 fxe4+ 44. Ke2 Rc8 45. h5+ Kxh5 46. Rxh7+ Kg4 47. Rh6
Kf5 48. Bxc5 Rxc5 49. Rxd6 Ke5 50. Rd8 Rxd5 51. Re8+ Kf4 52. Rf8+ Ke5 53. Re8+
Kf4 54. Rf8+ 1/2-1/2

[Event "Amplico ch-EUR Rapid"]
[Site "Warsaw POL"]
[Date "2012.12.16"]
[Round "8.24"]
[White "Berzinsh, Roland"]
[Black "Mista, Aleksander"]
[Result "1-0"]
[WhiteTitle "IM"]
[BlackTitle "GM"]
[WhiteElo "2411"]
[BlackElo "2562"]
[WhiteFideId "11600357"]
[BlackFideId "1110381"]
[EventDate "2012.12.15"]

1. e4 c5 2. Nf3 Nc6 3. Bb5 d6 4. O-O Bd7 5. Re1 a6 6. Bf1 Bg4 7. h3 Bxf3 8. Qxf3
g6 9. c3 Bg7 10. d3 Nf6 11. Nd2 O-O 12. Qd1 Nd7 13. a4 b5 14. axb5 axb5 15. Rxa8
Qxa8 16. Nf3 Nde5 17. Nxe5 Bxe5 18. Be3 Qa7 19. Qd2 Rb8 20. Rd1 Qa4 21. d4 cxd4
22. cxd4 Bg7 23. Qd3 Na5 24. Rc1 Nb3 25. Rd1 h5 26. h4 e6 27. g3 d5 28. exd5
exd5 29. Bf4 Rb6 30. Be5 Na5 31. Rc1 Nc4 32. b3 Qa3 33. Bf4 Na5 34. Rc8+ Kh7 35.
Ra8 Qxb3 36. Rxa5 Qc4 37. Be5 b4 38. Bxg7 b3 39. Qd2 1-0

[Event "Amplico ch-EUR Rapid"]
[Site "Warsaw POL"]
[Date "2012.12.16"]
[Round "8.25"]
[White "Laurusas, Tomas"]
[Black "Stocek, Jiri"]
[Result "0-1"]
[BlackTitle "GM"]
[WhiteElo "2413"]
[BlackElo "2557"]
[WhiteFideId "12803731"]
[BlackFideId "304760"]
[EventDate "2012.12.15"]

1. d4 Nf6 2. c4 e6 3. Nf3 Bb4+ 4. Bd2 a5 5. g3 c5 6. Bg2 cxd4 7. O-O Nc6 8. Bxb4
axb4 9. Nxd4 O-O 10. a4 bxa3 11. Rxa3 Rxa3 12. Nxa3 d5 13. cxd5 Nxd5 14. Nxc6
bxc6 15. Qa4 Bd7 16. e4 Nb6 17. Qa5 Bc8 18. Rc1 Bb7 19. e5 Qg5 20. Rd1 Nd5 21.
Nc4 Ra8 22. Qc5 h5 23. Na5 Qg4 24. Rc1 Ba6 25. Nxc6 Qe2 26. Bxd5 exd5 27. Ne7+
Kh7 28. Qxd5 Rf8 29. b4 Bd3 30. Qd4 Re8 31. Nd5 Rc8 32. Ra1 Qf3 33. Re1 Rc4 34.
Qe3 Qxd5 35. Rd1 Rc3 36. Qg5 Qf3 0-1

[Event "Amplico ch-EUR Rapid"]
[Site "Warsaw POL"]
[Date "2012.12.16"]
[Round "8.26"]
[White "Tazbir, Marcin"]
[Black "Girya, Olga"]
[Result "1-0"]
[WhiteTitle "IM"]
[BlackTitle "WGM"]
[WhiteElo "2555"]
[BlackElo "2467"]
[WhiteFideId "1122452"]
[BlackFideId "4195752"]
[EventDate "2012.12.15"]

1. e4 c5 2. Ne2 Nc6 3. d4 cxd4 4. Nxd4 Qc7 5. Nc3 e6 6. Be3 Nf6 7. Qd2 Bb4 8. f3
a6 9. O-O-O Ne7 10. Nb3 d5 11. e5 Nd7 12. f4 Nf5 13. Bf2 h5 14. a3 Be7 15. Bd3
g6 16. Ne2 b6 17. Qc3 Nc5 18. Kb1 Bb7 19. Nbd4 Rc8 20. b4 Na4 21. Qb3 Nxd4 22.
Bxd4 b5 23. Rhg1 Nb6 24. Bxb6 Qxb6 25. Nd4 Rc4 26. Bxc4 dxc4 27. Qe3 a5 28. c3
Qa6 29. Nc2 Bd5 30. Rxd5 exd5 31. Rd1 axb4 32. axb4 Qa4 33. Rxd5 O-O 34. Rd7 Rd8
35. e6 Rxd7 36. exd7 Bf6 37. Qd4 Bd8 38. Qe4 Qb3+ 39. Kc1 Bf6 40. Qe5 1-0

[Event "Amplico ch-EUR Rapid"]
[Site "Warsaw POL"]
[Date "2012.12.16"]
[Round "8.27"]
[White "Baghdasaryan, Vahe"]
[Black "Bryzgalin, Kirill"]
[Result "0-1"]
[WhiteTitle "IM"]
[BlackTitle "GM"]
[WhiteElo "2388"]
[BlackElo "2485"]
[WhiteFideId "13303139"]
[BlackFideId "4133285"]
[EventDate "2012.12.15"]

1. e4 e5 2. Nf3 Nc6 3. Bb5 g6 4. O-O Bg7 5. c3 d6 6. d4 Bd7 7. Re1 Nge7 8. d5
Nb8 9. Bxd7+ Nxd7 10. c4 O-O 11. Be3 h6 12. Nfd2 c5 13. dxc6 bxc6 14. Nb3 Nf6
15. Nc3 Qc7 16. Qf3 Kh7 17. Red1 Rfd8 18. Rac1 a5 19. Na4 c5 20. Nc3 Nc6 21. Nd5
Nxd5 22. cxd5 Na7 23. Nxc5 dxc5 24. Rxc5 Qb7 25. Rxa5 Nb5 26. Rxa8 Rxa8 27. a3
Nd4 28. Bxd4 exd4 29. b4 Rc8 30. Qf4 Qb5 31. h4 Qe2 32. Rd2 Qe1+ 33. Kh2 Re8 34.
g3 Rxe4 35. Qf3 Qxd2 36. Qxe4 Qxf2+ 37. Kh1 Qf1+ 38. Kh2 d3 0-1

[Event "Amplico ch-EUR Rapid"]
[Site "Warsaw POL"]
[Date "2012.12.16"]
[Round "8.28"]
[White "Gritsak, Orest"]
[Black "Schmidt, Wlodzimierz"]
[Result "1-0"]
[WhiteTitle "GM"]
[BlackTitle "GM"]
[WhiteElo "2549"]
[BlackElo "2370"]
[WhiteFideId "14102188"]
[BlackFideId "1100041"]
[EventDate "2012.12.15"]

1. Nf3 Nf6 2. c4 g6 3. Nc3 d5 4. cxd5 Nxd5 5. Qa4+ Nc6 6. Ne5 Qd6 7. Nxc6 Qxc6
8. Qxc6+ bxc6 9. b3 Bg7 10. Bb2 Nxc3 11. Bxc3 Bxc3 12. dxc3 Be6 13. O-O-O a5 14.
Kb2 a4 15. c4 O-O 16. e3 Rfb8 17. Bd3 Rb6 18. Kc3 c5 19. Be4 Rab8 20. Bc2 axb3
21. axb3 Rd6 22. Ra1 Rbd8 23. Ra5 Rd2 24. Rf1 Bg4 25. Rxc5 Be2 26. Re1 Bg4 27.
h3 Be6 28. Rf1 R8d7 29. g4 f5 30. gxf5 Bxf5 31. Bxf5 gxf5 32. Rxf5 h6 33. Rg1+
Kh8 34. Rg6 R7d3+ 35. Kb4 Rb2 36. Rxh6+ Kg7 37. Re6 1-0

[Event "Amplico ch-EUR Rapid"]
[Site "Warsaw POL"]
[Date "2012.12.16"]
[Round "8.30"]
[White "Mikrut, Dariusz"]
[Black "Jaracz, Pawel"]
[Result "1-0"]
[WhiteTitle "IM"]
[BlackTitle "GM"]
[WhiteElo "2351"]
[BlackElo "2548"]
[WhiteFideId "1112791"]
[BlackFideId "1102222"]
[EventDate "2012.12.15"]

1. e4 c5 2. c3 d6 3. d4 Nd7 4. Nf3 g6 5. Bc4 e6 6. O-O a6 7. a4 b6 8. Bf4 Bb7 9.
Nbd2 cxd4 10. cxd4 Ngf6 11. Re1 Nh5 12. Bg5 Be7 13. Bh6 Bf8 14. Bg5 Be7 15. Bh6
Nhf6 16. h3 d5 17. exd5 Nxd5 18. Ne4 Rg8 19. Qb3 g5 20. Bxd5 Nc5 21. dxc5 Bxd5
22. Qxb6 Rg6 23. Bxg5 Bxe4 24. Rxe4 Bxg5 25. Qc6+ Kf8 26. Rd4 Qc8 27. Qe4 Bf6
28. Ne5 Bxe5 29. Qxe5 Qc6 30. g3 Rc8 31. Rad1 f6 32. Rd8+ Rxd8 33. Rxd8+ Ke7 34.
Qd4 Rg5 35. b4 Re5 36. Qd6+ Qxd6 37. Rxd6 a5 38. b5 Rxc5 39. Ra6 f5 40. Rxa5 e5
41. Ra6 e4 42. b6 Rc1+ 43. Kg2 Rc2 44. Kf1 Rb2 45. a5 h5 46. h4 Kd6 47. b7+ Kc7 1-0

[Event "Amplico ch-EUR Rapid"]
[Site "Warsaw POL"]
[Date "2012.12.16"]
[Round "8.31"]
[White "Socko, Bartosz"]
[Black "Setkauskas, Vaidas"]
[Result "1-0"]
[WhiteTitle "GM"]
[WhiteElo "2631"]
[BlackElo "2216"]
[WhiteFideId "1107038"]
[BlackFideId "12803936"]
[EventDate "2012.12.15"]

1. e4 c5 2. Nf3 Nc6 3. d4 cxd4 4. Nxd4 e5 5. Nb5 a6 6. Nd6+ Bxd6 7. Qxd6 Qe7 8.
Qd1 Nf6 9. Nc3 d6 10. Bg5 Be6 11. Bd3 h6 12. Bh4 O-O 13. O-O g5 14. Bg3 d5 15.
exd5 Nxd5 16. Nxd5 Bxd5 17. Re1 Qf6 18. c4 Be6 19. Qe2 Rad8 20. Rad1 Bf5 21.
Bxf5 Qxf5 22. f3 f6 23. Bf2 Rxd1 24. Qxd1 Rd8 25. Qb3 Rd7 26. h3 Kg7 27. Rd1 h5
28. Rxd7+ Qxd7 29. Qc2 Nb4 30. Qb3 h4 31. Qxb4 1-0